La accin̤ social en las Fuerzas Armadas un compromiso global /

Detalles Bibliográficos
Otros Autores: Espuny Toms̀, Mara̕ Jess︢, Caąbate Přez, Josep, Garca̕ Gonzl̀ez, Guillermo, Paz Torres, Olga
Formato: Libro
Lenguaje:español
Publicado: Barcelona : J. M. Bosch Editor, 2011
Materias:
Acceso en línea:Acceso restringido

MARC

LEADER 00000nam a2200000 a 4500
005 20120201143236.0
007 cr|||| ||||
008 111020s2011 sp ||||| |||||0|| 0 spa|c
020 |a 9788476989999 
035 |a 6003 
040 |d vLex 
090 |c 2973  |d 2973 
245 1 3 |a La accin̤ social en las Fuerzas Armadas   |h [Recurso electrn̤ico] :  |b un compromiso global /  |c Mara̕ Jess︢ Espuny Toms̀ (dir.) ; Josep Caąbate Přez, Guillermo Garca̕ Gonzl̀ez, Olga Paz Torres (coords.) 
256 |a Servicio en ln̕ea 
260 |a Barcelona :  |b J. M. Bosch Editor,  |c 2011 
300 |a 1 recurso electrn̤ico 
500 |a La presente obra constituye un acercamiento a la realidad histr̤ica, social y jurd̕ica de la importante y fundamental accin̤ social desarrollada por las FAS de nuestro pas̕. La polt̕ica de defensa es el resultado necesario de un enfoque integrador y multidisciplinario, tal como se establece en la nueva Directiva de Defensa Nacional (DDN) 1/2008, primera que se aprueba bajo la vigencia de la Ley Orgǹica 5/2005, de la Defensa Nacional, la cual tiene por objeto establecer las ln̕eas generales de la polt̕ica de defensa y las directrices para su desarrollo, con el fin de garantizar la defensa de Espaą, colaborar a la seguridad de los espaǫles y contribuir a preservar la paz y seguridad internacionales. Entre los props̤itos de esta publicacin̤ se encuentra la investigacin̤ de la cultura de seguridad y defensa en la sociedad, en aras a propiciar un mayor conocimiento del papel que nuestra Constitucin̤ otorga a las Fuerzas Armadas. Los autores y autoras, por otra parte, han elaborado diversas investigaciones relacionadas con la dimensin̤ social de las polt̕icas y del derecho, tanto a nivel nacional como internacional. La publicacin̤ es la natural continuacin̤ del trabajo desarrollado por el grupo investigador en ediciones anteriores, en el marco de las subvenciones otorgadas por el Ministerio de Defensa: es el caso del libro anterior, ESPUNY TOMℓS, M.J. (Dir.), El papel de la mujer en la integracin̤ del ejřcito en la sociedad civil catalana: rupturas estructurales y conceptuales, Barcelona, J.M. Bosch Editor, 2010.  
504 |a Bibliografa̕ 
506 1 |a Contenido solo disponible en los productos indicados  |d vLex Global   |d vLex Global (Academic Edition, excluding Law Schools)   |d vLex Global (U.S. Academic Edition, Law Schools)   |d vLex Global (U.S. Academic Edition, excluding Law Schools)   |d vLex Global (Academic Edition, Law Schools)  
650 4 |a Fuerzas armadas  |x Aspectos sociales 
651 4 |a Espaą.  |x Fuerzas armadas 
700 1 |a Espuny Toms̀, Mara̕ Jess︢ 
700 1 |a Caąbate Přez, Josep 
700 1 |a Garca̕ Gonzl̀ez, Guillermo 
700 1 |a Paz Torres, Olga 
740 0 |a vLex Libros (Servicio en ln̕ea) 
856 4 0 |u http://vlex.com/source/accion-social-fuerzas-armadas-compromiso-global-6003  |z Acceso restringido 
942 |c BOOK 
999 0 |a Armed Forces 
999 0 |a Military law